Chicago Bears - General Knowledge - Statistics

General Stats
  • This quiz has been taken 23 times
  • The average score is 8 of 15
Answer Stats
Hint Answer % Correct
How many Super Bowls have the Chicago Bears won? 1
100%
Which legendary Bears running back was known as "Sweetness"? Walter Payton
95%
What year did the Chicago Bears win their first Super Bowl? 1985
84%
The Chicago Bears and which other team make up the oldest rivalry in NFL history? Green Bay Packers
79%
What division do the Chicago Bears currently play in? NFC North
74%
In the year listed above, the Bears football team recorded a music video of themselves singing and dancing to a song that they wrote themselves and received a Grammy nomination for the song. What was the song? The Super Bowl Shuffle
74%
The Chicago Bears stadium, Soldier Field, is named to honor the fallen soldiers in which notable war? World War I
68%
What legendary Bears owner and coach was known as "Papa Bear"? George Halas
47%
Before Soldier Field, what legendary field did the Bears play their home games at? Wrigley Field
47%
What year were the Chicago Bears founded and joined the NFL? 1920
42%
In the 1940 NFL Championship, the Bears scored __ points in a shout-out win against the Washington Redskins 73
26%
What were the Chicago Bears originally named when they joined the NFL? Decatur Staleys
26%
What nickname was given to the University of Chicago football team before it was adopted by the Bears? Monsters of the Midway
26%
The above player has a yearly NFL award named after him. What is the name of the award? Man of the Year Award
21%
In December 1988, the Chicago Bears played a playoff game at home that was severely impacted by a certain type of wheather. What was the game known as, named after the type of weather? The Fog Bowl
11%
No matching quizzes found
Score Distribution
Percent of People with Each Score
Percentile by Number Answered
Your Score History
You have not taken this quiz